Biznis etiketa vo vybraných krajinách

Schopnosť komunikovať s cudzími kultúrami a ovládanie biznis etikety ako kľúčový faktor úspechu. Dôležitosť poznania histórie, kultúrnych tradícií a spoločensko-politickej situácie partnerskej krajiny. Interkultúrne osobitosti obchodných rokovaní vo vybraných krajinách - nemeckí a rakúski obchodní p...

Description complète

Enregistré dans:
Détails bibliographiques
Auteur principal: Littvová, Zuzana
Format: Chapitre de livre
Langue:slovaque
Sujets:
Tags: Ajouter un tag
Pas de tags, Soyez le premier à ajouter un tag!

MARC

LEADER 00000naa$a2200000$$$4500
001 0103465
005 20240502072126.8
041 0 |a slo 
044 |a SK 
245 1 0 |a Biznis etiketa vo vybraných krajinách  |c Zuzana Littvová 
520 |a Schopnosť komunikovať s cudzími kultúrami a ovládanie biznis etikety ako kľúčový faktor úspechu. Dôležitosť poznania histórie, kultúrnych tradícií a spoločensko-politickej situácie partnerskej krajiny. Interkultúrne osobitosti obchodných rokovaní vo vybraných krajinách - nemeckí a rakúski obchodní partneri, francúzski, anglickí, talianski a maďarskí obchodní partneri. 
610 2 0 |a rokovania obchodné 
610 2 0 |a komunikácia multikultúrna 
610 2 0 |a jazyky cudzie 
610 2 0 |a kultúra 
610 2 0 |a história 
610 2 0 |a náboženstvo 
610 2 0 |a etiketa 
610 2 0 |a spolupráca medzinárodná 
100 1 |a Littvová, Zuzana